000 01445cam a2200289 4500
001 ABS65027
008 020124n2001 000 0 eng u
035 _a(Sirsi) u116428
100 _aSowersby, R
245 _aNew develoments
260 _c2001
490 _aSolicitors' Journal
_v(Expert Witness Supplement) 145(47) 14 December 2001, 15-17(2)
520 _aOutlines new developments in the instruction of expert witnesses with reference to recent case law. Discusses the procedure for joint witnesses in cross examination and conferences in "Peet v Mid-Kent Healthcare Trust" and "Smith v Stephens"; without prejudice meetings between experts in "Hubbard v Lambeth Southwark & Lewisham Health Authority"; disclosure of instructions in "Morris v Bank of India"; and sanctions against an expert failing in his duty to the court in "Pearce v Ove Arup Partnership Ltd".
590 _aABS
650 _aEXPERT WITNESS
_96239
650 _aINSTRUCTIONS
650 _aCIVIL PROCEDURE RULES
650 _aCROSS EXAMINATION
650 _aPEET V MID-KENT HEALTHCARE TRUST
650 _aSMITH V STEPHENS
650 _aWITHOUT PREJUDICE
650 _aHUBBARD V LAMBETH SOUTHWARK & LEWISHAM HEALTH AUTHORITY
650 _aMORRIS V BANK OF INDIA
650 _aPEARCE V OVE ARUP PARTNERSHIP LTD
690 _aMANAGEMENT-DISPUTE AVOIDANCE, MANAGEMENT AND RESOLUTION-DISPUTE MANAGEMENT AND RESOLUTION-EXPERT WITNESSES
942 _n0
999 _c69351
_d69351